000 00288 a2200097 4500
090 _c3941
_d3941
100 _aGrey Holden,
245 _aDreamweaver Visual Insight
_bLearnig Technology /through/visual/instruction
260 _aDreamtech Press
_bNew Delhi
_c2001
942 _aNBS
_cBK
_k005.3 HOL
999 _c346401
_d346401